000 02970nam a22001577a 4500
041 _aukr
080 _a09
090 _bОЛЕ
100 _aОлексійчук Ю. В.
245 _aЛексичні трансформації при перекладі з англійської мови на українську. Переклад роману Е. Хемінгуея
260 _aОстрог
_bКАФ
_c2004
300 _a72
520 _aРозділ 1. Переклад як результат перекладацької діяльності. 1.1. Сутність перекладу. 1.2. Процес перекладу як специфічний компонент комунікації. 1.3. Перекладацькі трансформації суть процесу перекладу. 1.4. Класифікація перекладацьких трансформацій. Розділ 2. Причини виникнення лексичних трансформацій в процесі перекладу. 2.1. Причина 1: Семантична структура слів. 2.2. Причина 2: Значеннєвий обсяг слова. 2.3. Причина 3: Контекстуальне значення слова. 2.4. Причина 4: Емоційне навантаження слова. 2.5. Причина 5: Інтернаціональні слова, дієслова сприйняття, відчуття і розумової діяльності та адвербіальні дієслова. 2.6. Причина 6: Конкретизація значення слова. 2.7. Причина 7: Різниця в сполучуванні слів. 2.8. Причина 8: Традиції вживання слів у МО та МП. Розділ 3. Загальна характеристика та способи перекладу лексичних одиниць при практичному застосуванні лексичних трансформацій. 3.1. Словникові відповідники. 3.2. Переклад неоднозначних слів (вибір варіантного відповідника). 3.3. Транскодування. 3.4. Калькування (дослівний переклад). 3.5. Контекстуальна зміна. 3.6. Смисловий розвиток. 3.7. Антонімічний переклад. 3.8. Описовий переклад. 3.9. Конкрентизація значення слова. 3.10. Генералізація значення слова. 3.11. Додавання слова. 3.12. Вилучення слова. 3.13. Заміна слова однієї частини мови на слово іншої частини мови. 3.14. Перестановка слова.
_0Переклад, лексична трансформація, класифікація
650 _aResearch Papers
999 _c282552
_d282552
942 _cBK